000 00594nam a2200229Ia 4500
005 20250425162701.0
008 250425s9999 xx 000 0 und d
020 _a9251053049
041 _aeng
082 _a597.0524
100 _aMORETTI, ALESSANDRO
245 0 _aMANUAL ON HATCHERY PRODUCTION OF SEABASS AND GILTHEAD SEABREAM
250 _aS.E
260 _aEstados Unidos
_bFAO
_c2005
260 _aNEW YORK
300 _a152
650 _aPECES-CRIA Y DESARROLLO
700 _aFERNANDEZ CRIADO, MARIO PEDINI
700 _aVETTILLART, RENE
942 _c01
010 _a96580
999 _c234281
_d234281